Naše sväté náboženstvo : katechizmus a cvičebnica náboženstva pre katolícke dietky

Language: Slovak
Published: Trnava : Spolok sv. Vojtecha, 1949
Subjects:
Physical Description: 189 stran ; 8°
Book
Saved in:
LEADER 01039nam a22003132i 4500
001 001498863
003 CZ BrMZK
005 20160506133610.0
007 ta
008 151126s1949 xo er|||||||||||slo d
040 |a ABA001  |b cze  |c ABA001  |d ABA001  |e rda  |d BOA001 
072 7 |a 2  |x Náboženství  |2 Konspekt  |9 5 
080 |a 2-282.4  |2 MRF 
245 0 0 |a Naše sväté náboženstvo :  |b katechizmus a cvičebnica náboženstva pre katolícke dietky 
264 1 |a Trnava :  |b Spolok sv. Vojtecha,  |c 1949 
300 |a 189 stran ;  |c 8° 
336 |a text  |b txt  |2 rdacontent 
337 |a bez média  |b n  |2 rdamedia 
338 |a svazek  |b nc  |2 rdacarrier 
650 0 7 |a katechismy  |7 ph138473  |2 czenas 
650 0 7 |a náboženství  |7 ph115485  |2 czenas 
650 0 9 |a catechisms  |2 eczenas 
650 0 9 |a religion  |2 eczenas 
655 7 |a učebnice  |7 fd133770  |2 czenas 
655 9 |a textbooks  |2 eczenas 
910 |a BOA001  |b 2-0245.068 
990 |a BK 
991 |b 201510 
996 7 |b 2618733721  |c 2-0245.068  |l MZK  |r Sklad / do 24 hodin  |n 0  |w 001534179  |u 000010  |a 1  |e BOA001  |j MZK50  |s A